000 00379nam a2200145Ia 4500
008 260223s2025 xx 000 0 und d
020 _a9789381390399
041 _aeng
082 _a610.7368/GUP
100 _aGupta.R.K.
245 _aMental Health & Psychiatric NursinG (GNM-ii)
260 _aB.S.B. Pune
_bPV, Pub
_c2025
300 _a351P
650 _aPsychiatric NursinG
999 _c1216434
_d1216434